| 000 | 00739nam a2200205 a 4500 | ||
|---|---|---|---|
| 005 | 20140412111311.0 | ||
| 008 | 001121s19uu xx 00 eng d | ||
| 050 |
_aTR(GS 030 _bL41 1991 |
||
| 100 | _aLaw, Felicia | ||
| 245 |
_aLearn about sounds / _cstory by Felicia Law ; illustrations by Steve Smallman, Shirley Tourret. |
||
| 260 |
_aUK : _bWorld Book International. |
||
| 300 | _a1 v. (unp.) ; ill. | ||
| 440 | _aEarly World of Learning-Poldy | ||
| 500 | _aPoldy | ||
| 520 | _aWagtails takes Poldy to his secret place. First, Wagtail covers Poldy's eyes so that Poldy has to 'listen carefully' to the sounds around them. | ||
| 650 | _aListening--Fiction | ||
| 650 | _aChildren stories | ||
| 999 |
_c103972 _d103972 |
||